00337nam a22001097a 4500003000400000245005000004260002600054300000800080942001200088952011000100999001700210SGT aIndian Society of Earthquake Technology ISET bISET PUBLISHER c2020 a300 2ddccBV 00102ddc4051718ENGGaFEbFEcDISPLAYd2025-02-06h57l0pFEP296r2025-02-06 00:00:00w2025-02-06yBV c29653d29653